| 000 | 00736nam a22001937a 4500 | ||
|---|---|---|---|
| 003 | BD-DhUL | ||
| 005 | 20180104104742.0 | ||
| 008 | 180104s1911 ii |||| |||| 000 0 ben d | ||
| 040 |
_aBD-DhUL _cBD-DhUL |
||
| 082 |
_a891.443 _bNAB |
||
| 100 | 1 | _aবন্দোপাধ্যায়, ননিলাল। | |
| 245 | 1 |
_aবসন্তের রানী : _b১ম খণ্ড / _cননিলাল বন্দোপাধ্যায়। |
|
| 250 | _a২য় সং. | ||
| 260 |
_aকলিকাতা : _bকলিকাতা প্রেস, _c১৯১১। |
||
| 300 |
_a খণ্ড ; _c১৭ সেমি. |
||
| 650 | 4 | _aবাংলা উপন্যাস | |
| 650 | 4 | _aBengali fiction | |
| 942 |
_2ddc _cBK |
||
| 999 |
_c236250 _d236250 |
||